00359nam a2200145Ia 45000030006000000080041000060400015000471000026000622450021000882500006001092600061001153000006001765460014001820050017001960STCL150530s9999 xx 000 0 und d aSTCLcSTCL aAranmula Satyavrathan aAranmulakkannadi a1 bSahitya Pravarthaka Co Operative Society ; Kottayac1986 a0 aMalayalam20220125171626.0